UM Logo
Normal view MARC view
  • Brunner, Carla.

Entry Personal Name

Number of records used in: 1

001 - CONTROL NUMBER

  • control field: 55711

003 - CONTROL NUMBER IDENTIFIER

  • control field: OSt

005 - DATE AND TIME OF LATEST TRANSACTION

  • control field: 20240401105925.0

008 - FIXED-LENGTH DATA ELEMENTS

  • fixed length control field: 240401|| aca||aabn | a|a d

040 ## - CATALOGING SOURCE

  • Original cataloging agency: OSt
  • Transcribing agency: OSt

100 ## - HEADING--PERSONAL NAME

  • Personal name: Brunner, Carla.
  • Relator term: author.

670 ## - SOURCE DATA FOUND

  • Source citation: Work cat.: (OSt): Rosskopf, Andreas. author. 55710, Enhancing litz wire power loss calculations by combining a sparse strand element equivalent circuit method with a voronoi-based geometry model /, September 2022.